00901nam a2200241 a 4500008004100000020003200041040002500073041001300098044001100111080003000122080002200152080002200174080000800196100002600204245016800230250001300398260005400411300003400465500007000499700002800569700002600597700003600623951123s1985||||[C 0 slo c c100 Kčs. q(8000 výtl.) aSNKbslocSNKeAACR21 aslohslo axocSK a75(100)+75(437.6)(084.12) a75(437.6)(084.12) a75(437.6)(084.12) a7791 aVaculík, Karol4aut10aSlovenská národná galériabSto diel slovenského a svetového maliarstvacKarol Vaculík ; Tibor Hrabovský, Karol Vaculík, Magdaléna Robinsonová a1., vyd. aBratislavabTatranc1985eMartinfTlačiarne SNP a240 s., 21,52 AHbSch.c28 cm aFot. na front. Zozn. reprod. diel Res. rus., angl., nem. a franc.1 aHrabovský, Tibor4bkd1 aVaculík, Karol4bkd1 aRobinsonová, Magdaléna4bkd